Txeg Txeg egu Kay Kay feichi antû ñi chaliwnhon : cuento mapuche

En una de esas largas y lluviosas tardes de invierno, la pequeña LLampuzken y su hermanito, Antu, estaban a punto de quedarse dormidos alrededor del fogón. La abuela Rayen, mientras teñía unas lanas de vivos colores, miró con ternura a sus nietos y, con una voz tan dulce como la mermelada de murti l...

Full description

Bibliographic Details
Main Author: Muñoz Hurtado, Carmen
Other Authors: Chihuailaf, Elicura, 1952- (trad.), Montt, Alberto (il.)
Format: Libro
Language:Spanish
Published: Santiago, Chile : Pehuén, 2012.
Subjects:
Online Access:

MARC

LEADER 00000cam a2200000 a 4500
001 028622
003 UAHC_CL
005 20200902142912.0
008 130905s2012 cl 000 spa
952 |0 0  |1 0  |4 0  |6 CH_898_300000000000000_MUÑT  |7 0  |8 COMP  |9 56639  |a BC  |b BC  |c General  |d 2017-08-03  |o Ch898.3 MUÑT  |p 1410802  |r 2018-01-22 00:00:00  |t 1  |w 2017-08-03  |y BK 
952 |0 0  |1 0  |4 0  |6 CH_898_300000000000000_MUÑT  |7 0  |8 COMP  |9 56640  |a BR  |b BR  |c General  |d 2017-08-03  |l 5  |m 5  |o Ch898.3 MUÑT  |p 1410803  |r 2026-03-31 15:09:42  |s 2026-03-18  |t 2  |w 2017-08-03  |y BK 
952 |0 0  |1 0  |4 0  |6 CH_898_300000000000000_MUÑT  |7 0  |8 COMP  |9 56641  |a BC  |b BC  |c General  |d 2017-08-03  |l 6  |m 3  |o Ch898.3 MUÑT  |p 1410804  |r 2025-11-26 00:00:00  |s 2025-11-12  |t 3  |w 2017-08-03  |y BK 
999 |c 28622  |d 28622 
020 |a 9789561604308 
040 |a UAHC_CL  |c UAHC_CL  |d UAHC_CL 
082 0 4 |a Ch898.3  |b M971  |2 21 
100 1 |a Muñoz Hurtado, Carmen 
245 1 0 |a Txeg Txeg egu Kay Kay feichi antû ñi chaliwnhon :  |b cuento mapuche   |c Carmen Muñoz Hurtado; ilustraciones Alberto Mott; traducción Elicura Chihuailaf. 
246 2 |a El día que Txeg Txeg y Kay Kay no se saludaron 
260 |b Pehuén,  |a Santiago, Chile :  |c 2012. 
300 |a [28 p.] 
500 |a Texto en mapudungun y español. 
520 |a En una de esas largas y lluviosas tardes de invierno, la pequeña LLampuzken y su hermanito, Antu, estaban a punto de quedarse dormidos alrededor del fogón. La abuela Rayen, mientras teñía unas lanas de vivos colores, miró con ternura a sus nietos y, con una voz tan dulce como la mermelada de murti lla, les dijo..." Relato que nos presenta el mito de origen de la cultura mapuche. Trata de dos serpientes, una encargada de cuidar a todos los seres que habitan la tierra y la otra preocupada de todos los seres y paisajes del agua y del desastre que sucedió el día que no se saludaron. 
650 0 |a Cuentos mapuches   |9 11844 
700 |9 13010  |a Chihuailaf, Elicura,   |d 1952-  |e trad. 
700 |9 13013  |a Montt, Alberto  |e il. 
900 |a Ch898.3 MUÑT 
942 |c BK  |2 ddc